000 00700nam a2200217 a 4500
001 000022880
005 20200930021843.0
008 101122s1990 ec r 000 d spa d
040 _aDO-SdBNP
_bspa
_cBNPHU
082 _aE862.4
_bT253t
245 0 1 _aTeatro contemporáneo /
_cIntroducción de Hernán Rodríguez Castelo.
260 _aQuito, (Ecuador) :
_bPublicaciones Educativas Ariel.
300 _a221 p. ;
_c18 cm.
490 1 _aClásicos Ariel
_v96
650 4 _aTeatro ecuatoriano
_947023
650 4 _aTeatro contemporaneo
_947024
650 4 _aLiteratura ecuatoriana
_93938
700 1 _aRodríguez Castelo, Hernán
_etr.
_94689
830 0 _aClásicos ariel ;
_v96
_93125
049 _aBNGR
999 _c22377
_d22377